000 00190nam a2200109Ia 4500
100 _a#N/A
942 _cBK
654 _aDIGIT
245 _aDIGIT
260 _b#N/A
_c2009
546 _aENGLISH
999 _c24089
_d24089